Statistics for 10 Largest Cities In Sierra Leone

Click here to take the quiz!

General Stats

  • This quiz has been taken 13 times
  • The average score is 4 of 10

Answer Stats

PopAnswer% Correct
802369Freetown
100%
174354Bo
75%
143137Kenema
75%
87869Makeni
38%
88000Koidu
25%
22461Lunsar
25%
21308Port Loko
25%
19750Waterloo
25%
17948Kabala
25%
16532Segbwema
0%

Score Distribution

Percentile by Number Answered

Percent of People with Each Score

Your Score History

You have not taken this quiz